000 00316nam a2200109Ia 4500
008 171211s9999 xx 000 0 und d
245 _aHigh Definition: Zero Tolerance in Design and Production AD
245 _cBob Sheil
260 _c2014
650 _xDesign
856 _uhttp://down.ebook777.com/061/1118451856.pdf
999 _c347927
_d347927